书目信息 |
| 题名: |
经济法概论
|
|
| 作者: | 马明华, , 虎岩 主编 | |
| 分册: | ||
| 出版信息: | 北京 北京大学出版社 2022.01 |
|
| 页数: | 304页 | |
| 开本: | 26cm | |
| 丛书名: | ||
| 单 册: | ||
| 中图分类: | D922.290.1 , D922.29 | |
| 科图分类: | ||
| 主题词: | 经济法--jing ji fa--概论--中国 | |
| 电子资源: | ||
| ISBN: | 978-7-301-32749-4 | |
| 000 | 01413nam0 2200277 450 | |
| 001 | 2268868683 | |
| 005 | 20220914190817.10 | |
| 010 | @a978-7-301-32749-4@dCNY58.00 | |
| 100 | @a20220119d2022 em y0chiy50 ea | |
| 101 | 0 | @achi |
| 102 | @aCN@b110000 | |
| 105 | @ay a 000yy | |
| 200 | 1 | @a经济法概论@Ajing ji fa gai lun@d= Introduction to economic law@f主编马明华, 虎岩@zeng |
| 210 | @a北京@c北京大学出版社@d2022.01 | |
| 215 | @a304页@d26cm | |
| 314 | @a马明华, 法学博士, 河南财经政法大学民商经济法学院副教授, 硕士生导师。虎岩, 河南财经政法大学民商经济法学院副教授。 | |
| 320 | @a有书目 (第302-303页) | |
| 330 | @a本书以现行常见的经济立法为依据, 针对财经类大学生学习经济法的需要, 围绕经济生活中最为常见的经济法实践问题, 从经济法理论、市场主体、宏观调控、市场规划等方面进行了系统阐述。全书分为十四章, 内容包括: 经济法概述、个人独资企业法、合伙企业法、公司法、破产法、合同法、商标法、专利法、产品质量法、反不正当竞争法、反垄断法、消费者权益保护法、劳动与社会保障法及经济纠纷的解决。全书具有较强实践性特点, 力求系统、准确、全面地阐述我国经济立法。同时, 本书也尽力反映我国经济法理论研究成果, 吸收其中精华。 | |
| 510 | 1 | @aIntroduction to economic law@zeng |
| 606 | 0 | @a经济法@Ajing ji fa@x概论@y中国 |
| 690 | @aD922.290.1@v5 | |
| 690 | @aD922.29@v4 | |
| 701 | 0 | @a马明华,@Ama ming hua@f1979-@4主编 |
| 701 | 0 | @a虎岩@Ahu yan@4主编 |
| 801 | 0 | @aCN@b人天书店@c20220119 |
| 905 | @aZUCC@dD922.29@e174 | |
| 经济法概论= Introduction to economic law/主编马明华, 虎岩.-北京:北京大学出版社,2022.01 |
| 304页;26cm |
| ISBN 978-7-301-32749-4:CNY58.00 |
| 本书以现行常见的经济立法为依据, 针对财经类大学生学习经济法的需要, 围绕经济生活中最为常见的经济法实践问题, 从经济法理论、市场主体、宏观调控、市场规划等方面进行了系统阐述。全书分为十四章, 内容包括: 经济法概述、个人独资企业法、合伙企业法、公司法、破产法、合同法、商标法、专利法、产品质量法、反不正当竞争法、反垄断法、消费者权益保护法、劳动与社会保障法及经济纠纷的解决。全书具有较强实践性特点, 力求系统、准确、全面地阐述我国经济立法。同时, 本书也尽力反映我国经济法理论研究成果, 吸收其中精华。 |
| ● |
| 相关链接 |
|
|
|
正题名:经济法概论
索取号:D922.29/174
 
预约/预借
| 序号 | 登录号 | 条形码 | 馆藏地/架位号 | 状态 | 备注 |
| 1 | 2000893236 | 2000893236 | 第三书库/ [索取号:D922.29/174] | 在馆 | |
| 2 | 2000893237 | 2000893237 | 第三书库/ [索取号:D922.29/174] | 在馆 | |
| 3 | 2000893238 | 2000893238 | 第三书库/ [索取号:D922.29/174] | 在馆 |